Helytörténészek találkozója Udvard

Bibliographic Details
Main Author: (kis) (Author)
Format: Article
Language:Hungarian
Subjects:

MARC

LEADER 00000nab a2200000 a 4500
001 vtls000728241
003 SK-MaSNL
005 20260319074530.0
008 160405c2000 xo 0 hun
015 |a SNBRB2000/07-19592 
035 |a CLN000080389 
040 |a SNKBUCL  |b slo  |c SNKBUCL  |e AACR2 
041 0 |a hun 
044 |a xo  |c SK 
080 |a 908-051:061.3  |2 1997 
100 0 |a (kis)  |4 aut  |9 862413 
245 1 0 |a Helytörténészek találkozója  |b Udvard  |c [szerző] (kis) 
611 1 7 |a Celoštátne stretnutie maďarských miestopiscov na Slovensku  |n 4.  |d 2000  |c Dvory nad Žitavou, Slovensko  |2 snkbucl  |9 917835 
650 0 7 |a miestopisci maďarskí  |z Slovensko  |x konferencie  |x 2000  |2 snkbucl  |9 917836 
651 7 |a 404  |2 snkbucl  |9 296361 
655 7 |a články z novín a časopisov  |2 snkbucl  |9 267496 
773 0 |t Kálvinista szemle  |g Roč. 71, č. 6 (2000), s. 7 
850 |a Slovenská národná knižnica v Martine 
852 |a SNK  |b KIS3GCP 
958 |a HU 
958 |a SK 
958 |a RBX 
999 |c 1454875  |d 1456805